000 00788cam a2200241 a 4500
001 000004886
003 DO-SdBNP
005 20250702100539.0
008 790118s1940 ag 000 1 spa
040 _aDO-SdBNP
_bspa
_cBNPHU
041 1 7 _aspa
_hfre
082 4 _a843.7
_bH895n
100 1 _aHugo, Víctor,
_d1802-1885.
_913708
240 0 0 _aNotre-dame de París,
_lEspañol
245 1 0 _aNuestra señora de París :
_bnovela /
_cVíctor Hugo ; traducción John Sturrock.
260 _aBuenos Aires ; :
_bSopena Argentina,
_c1940.
300 _a253 p. ;
_c18 cm.
490 1 _aBiblioteca Mundial Sopena
534 _pTraducción directa del frances:
_tNotre-dame de Paris
700 1 _aReta, Francisco,
_etr.
_914137
830 0 _aBiblioteca Mundial Sopena
_914138
942 _2ddc
_cLBS1
999 _c4692
_d4692